[Event "Southend Easter op 64th"]
[Site "Southend-on-Sea"]
[Date "2022.04.15"]
[Round "1.1"]
[White "Grieve, Harry"]
[Black "Thatte, Nishchal"]
[Result "1-0"]
[WhiteElo "2387"]
[BlackElo "1892"]
[PlyCount "119"]
[EventDate "2022.04.15"]
[EventType "swiss"]
[EventRounds "7"]
[EventCountry "ENG"]

1. d4 Nf6 2. Nf3 d5 3. c3 Bg4 4. Ne5 Bf5 5. Qb3 Qc8 6. f3 e6 7. Nd2 Bd6 8. g4
Bg6 9. h4 h6 10. Nxg6 Bg3+ 11. Kd1 fxg6 12. e3 Nc6 13. Bd3 Ne7 14. Ke2 c6 15.
Qc2 Kf7 16. e4 g5 17. e5 Nd7 18. h5 c5 19. Nf1 Bxe5 20. dxe5 Nxe5 21. f4 gxf4
22. Bxf4 Nxg4 23. Bg6+ Kg8 24. Ne3 e5 25. Rhg1 Nxe3 26. Bxe3 d4 27. Raf1 Nxg6
28. Qxg6 Qd7 29. Bxh6 Rh7 30. Bd2 e4 31. h6 dxc3 32. Qxh7+ Kxh7 33. Rxg7+ Qxg7
34. hxg7 Kxg7 35. Bxc3+ Kg6 36. Ke3 b5 37. Kxe4 a5 38. Rf6+ Kh7 39. Kf5 b4 40.
Be5 c4 41. Rf7+ Kg8 42. Rc7 c3 43. bxc3 bxc3 44. Rxc3 Ra6 45. a4 Kf7 46. Rc7+
Ke8 47. Bf6 Rb6 48. Re7+ Kf8 49. Ra7 Ke8 50. Re7+ Kf8 51. Re5 Kf7 52. Bg5 Ra6
53. Rd5 Ke8 54. Bf6 Kf7 55. Rd7+ Ke8 56. Re7+ Kf8 57. Kg6 Rc6 58. Re5 Ra6 59.
Rd5 Ra8 60. Rh5 1-0

[Event "Southend Easter op 64th"]
[Site "Southend-on-Sea"]
[Date "2022.04.15"]
[Round "1.2"]
[White "Barker, Edward (Eddy)"]
[Black "Bates, Richard A"]
[Result "1/2-1/2"]
[WhiteElo "1885"]
[BlackElo "2356"]
[PlyCount "56"]
[EventDate "2022.04.15"]
[EventType "swiss"]
[EventRounds "7"]
[EventCountry "ENG"]

1. d4 Nf6 2. Bg5 d5 3. Bxf6 exf6 4. e3 c6 5. Ne2 Qb6 6. Qc1 Bd6 7. Nd2 O-O 8.
g3 Re8 9. h4 Bg4 10. c3 c5 11. Nb3 Nc6 12. Qc2 cxd4 13. Nexd4 Rac8 14. Nxc6
Bxg3 15. Ncd4 Rxe3+ 16. Kd2 Bxf2 17. Bd3 Re5 18. Kc1 Be3+ 19. Kb1 Rce8 20. a3
a5 21. a4 f5 22. Ka2 f4 23. Raf1 h5 24. Nf3 Bxf3 25. Rxf3 Rc8 26. Bb5 d4 27. c4
Qd6 28. Qd3 b6 1/2-1/2

[Event "Southend Easter op 64th"]
[Site "Southend-on-Sea"]
[Date "2022.04.15"]
[Round "1.3"]
[White "Haydon, David L"]
[Black "Williamson, Kevin J"]
[Result "1-0"]
[WhiteElo "2282"]
[BlackElo "1878"]
[PlyCount "137"]
[EventDate "2022.04.15"]
[EventType "swiss"]
[EventRounds "7"]
[EventCountry "ENG"]

1. c4 Nc6 2. Nc3 e5 3. g3 g6 4. Bg2 Bg7 5. Nf3 d6 6. d3 Nge7 7. Rb1 a5 8. Bd2
O-O 9. a3 Bd7 10. O-O Qc8 11. Qc1 Bh3 12. Bh6 Bxg2 13. Kxg2 f5 14. Bxg7 Kxg7
15. e3 h6 16. h4 Qe6 17. b4 axb4 18. axb4 Nd8 19. Nd5 Nxd5 20. cxd5 Qxd5 21.
Qxc7+ Rf7 22. Qc4 Qxc4 23. dxc4 Rc7 24. Rfd1 Nf7 25. c5 dxc5 26. bxc5 Ra5 27.
Rd5 Raxc5 28. Rxc5 Rxc5 29. Rxb7 Ra5 30. Rc7 Rb5 31. h5 gxh5 32. Nh4 e4 33. Rc6
Nh8 34. Kh3 Ra5 35. Kh2 Rb5 36. Rd6 Ra5 37. Kg2 Rb5 38. Kf1 Rb1+ 39. Kg2 Rb5
40. Ra6 Rc5 41. Kh2 Rb5 42. Ng2 Ng6 43. Nf4 Nxf4 44. gxf4 Rb2 45. Kg2 h4 46.
Ra1 Kg6 47. Ra6+ Kh5 48. Rf6 Rb5 49. Kh3 Ra5 50. Kg2 Rb5 51. Re6 Rb2 52. Rd6
h3+ 53. Kg3 h2 54. Rd1 Kg6 55. Rh1 h5 56. Rxh2 Rb1 57. Kg2 Ra1 58. Rh3 Ra6 59.
Rh1 Kh6 60. Rc1 Rg6+ 61. Kh3 Ra6 62. Rc8 Ra2 63. Kg3 h4+ 64. Kxh4 Rxf2 65. Rc6+
Kg7 66. Kg5 Re2 67. Rc3 Rd2 68. Kxf5 Rd3 69. Rc7+ 1-0

[Event "Southend Easter op 64th"]
[Site "Southend-on-Sea"]
[Date "2022.04.15"]
[Round "1.5"]
[White "Jones, Steven A"]
[Black "Ingham, H William"]
[Result "1-0"]
[WhiteElo "2246"]
[BlackElo "1871"]
[PlyCount "41"]
[EventDate "2022.04.15"]
[EventType "swiss"]
[EventRounds "7"]
[EventCountry "ENG"]

1. e4 d5 2. exd5 Nf6 3. Nf3 Nxd5 4. d4 Bg4 5. Be2 e6 6. O-O Nc6 7. Nc3 Be7 8.
Ne4 O-O 9. h3 Bh5 10. Ng3 Bg6 11. a3 Bd6 12. Re1 Nf4 13. Bb5 Ne7 14. c4 c6 15.
Ba4 Nf5 16. Ne4 Nh4 17. Nxh4 Bxe4 18. Rxe4 Qxh4 19. Bxf4 Bxf4 20. g3 Qxh3 21.
Rxf4 1-0

[Event "Southend Easter op 64th"]
[Site "Southend-on-Sea"]
[Date "2022.04.15"]
[Round "1.6"]
[White "Verma, Shlok"]
[Black "Villiers, Thomas"]
[Result "0-1"]
[WhiteElo "1831"]
[BlackElo "2219"]
[PlyCount "72"]
[EventDate "2022.04.15"]
[EventType "swiss"]
[EventRounds "7"]
[EventCountry "ENG"]

1. d4 d5 2. c4 e6 3. Nf3 Be7 4. e3 Nf6 5. g3 O-O 6. b3 c5 7. a3 Nc6 8. Bb2 cxd4
9. exd4 b6 10. Bg2 Ba6 11. Nbd2 Rc8 12. Rc1 Na5 13. Ne5 Nd7 14. cxd5 Nxe5 15.
dxe5 exd5 16. Rxc8 Qxc8 17. Bxd5 Rd8 18. Qf3 Rxd5 19. Qxd5 Bb7 20. Qd4 Bxh1 21.
f3 Bg2 22. b4 Nc6 23. Qg1 Bh3 24. g4 h5 25. Qg3 hxg4 26. Ne4 Qf5 27. b5 gxf3
28. Nf2 Qb1+ 29. Nd1 f2+ 30. Kxf2 Qxd1 31. Qxh3 Bc5+ 32. Kg2 Qe2+ 33. Kg3 Qe3+
34. Kg4 Nxe5+ 35. Bxe5 f5+ 36. Kh4 Be7+ 0-1

[Event "Southend Easter op 64th"]
[Site "Southend-on-Sea"]
[Date "2022.04.15"]
[Round "1.7"]
[White "Walker, Martin G"]
[Black "Kesterson, Kennan"]
[Result "1-0"]
[WhiteElo "2187"]
[BlackElo "1829"]
[PlyCount "85"]
[EventDate "2022.04.15"]
[EventType "swiss"]
[EventRounds "7"]
[EventCountry "ENG"]

1. g4 d5 2. Bg2 g6 3. c4 e6 4. d4 Bg7 5. Nc3 Ne7 6. Bf4 a6 7. Nf3 c5 8. e3 Nbc6
9. dxc5 Qa5 10. Qd2 O-O 11. O-O Qxc5 12. Na4 Qa7 13. Bd6 b5 14. Bc5 Qc7 15. Nb6
Rb8 16. cxd5 Ne5 17. Rac1 Nc4 18. Bxe7 Qxe7 19. Nxc4 bxc4 20. Nd4 Bb7 21. dxe6
fxe6 22. Rxc4 Bxg2 23. Kxg2 Qb7+ 24. Kg1 Bxd4 25. Qxd4 Qxb2 26. Qxb2 Rxb2 27.
Rc6 Rxa2 28. Rxe6 a5 29. Ra6 Rd8 30. Rc1 Rd7 31. Rc5 Rd1+ 32. Kg2 Rdd2 33. Rf6
a4 34. g5 Rd7 35. Ra5 Rf7 36. Rxf7 Kxf7 37. Ra7+ Kg8 38. e4 a3 39. Kf3 Ra1 40.
Kf4 a2 41. Ke5 Kf8 42. Kf6 Ke8 43. e5 1-0

[Event "Southend Easter op 64th"]
[Site "Southend-on-Sea"]
[Date "2022.04.15"]
[Round "1.8"]
[White "Pandit, Kabir"]
[Black "Maycock Bates, David Henry"]
[Result "0-1"]
[WhiteElo "1826"]
[BlackElo "2183"]
[PlyCount "120"]
[EventDate "2022.04.15"]
[EventType "swiss"]
[EventRounds "7"]
[EventCountry "ENG"]

1. c4 e6 2. g3 d5 3. d4 Nf6 4. Bg2 a6 5. Nf3 dxc4 6. O-O Nc6 7. a4 Rb8 8. b3
cxb3 9. Bb2 Be7 10. Qxb3 O-O 11. Rd1 b5 12. Nbd2 Qe8 13. Rdc1 Bb7 14. axb5 axb5
15. Qxb5 Ba8 16. Rxa8 Rxb5 17. Rxe8 Rxe8 18. Rxc6 Rxb2 19. Rxc7 Bd6 20. Ra7 Rc8
21. h3 Rcc2 22. e4 Bb8 23. Ra8 Nd7 24. e5 Kf8 25. Ne4 Ke7 26. Bf1 Ra2 27. Rxa2
Rxa2 28. Kg2 Nb6 29. Ned2 Ba7 30. Kg1 Nd5 31. Bc4 Ra4 32. Kf1 Nc3 33. Kg2 Rb4
34. Kf1 Ne4 35. Nxe4 Rxc4 36. Ned2 Ra4 37. Ke2 Bxd4 38. Nxd4 Rxd4 39. Ke3 Rb4
40. Ne4 Rb5 41. Kf4 Kd7 42. h4 Rb4 43. Ke3 h6 44. f4 Kc6 45. Nc3 Kc5 46. Ne4+
Kd5 47. Nc3+ Kc4 48. Ne4 Rb3+ 49. Kf2 Kd5 50. Nd6 f6 51. Ne8 Rb2+ 52. Kf3 fxe5
53. fxe5 Rb3+ 54. Kf4 Rb4+ 55. Kf3 Rb7 56. Nd6 Rb3+ 57. Kf4 Rb4+ 58. Kf3 Kxe5
59. Nf7+ Kd5 60. h5 Rb8 0-1

[Event "Southend Easter op 64th"]
[Site "Southend-on-Sea"]
[Date "2022.04.15"]
[Round "1.9"]
[White "Nilsson, Joakim 2000"]
[Black "Volovich, Julia"]
[Result "1-0"]
[WhiteElo "2175"]
[BlackElo "1802"]
[PlyCount "127"]
[EventDate "2022.04.15"]
[EventType "swiss"]
[EventRounds "7"]
[EventCountry "ENG"]

1. d4 Nf6 2. Nc3 d5 3. Bf4 a6 4. e3 b5 5. Nf3 e6 6. Ne5 c5 7. Be2 Bd6 8. O-O
O-O 9. Bg5 Nbd7 10. Nxd7 Bxd7 11. dxc5 Bxc5 12. e4 b4 13. e5 h6 14. Be3 Bxe3
15. fxe3 bxc3 16. exf6 cxb2 17. fxg7 bxa1=Q 18. gxf8=Q+ Qxf8 19. Qxa1 Qg7 20.
Qe1 Bb5 21. Bd3 Bxd3 22. cxd3 Kh8 23. e4 Rg8 24. Qf2 dxe4 25. dxe4 f5 26. exf5
exf5 27. g3 Rf8 28. Qe3 f4 29. Qc5 f3 30. Qb6 a5 31. a4 h5 32. Qc5 h4 33. Qh5+
Kg8 34. Qxh4 Qa7+ 35. Rf2 Qe3 36. Qc4+ Kh8 37. h3 Qe1+ 38. Qf1 Qe3 39. Qa1+ Kg8
40. Qa2+ Kh8 41. Qd2 Qb6 42. Kh2 Kg8 43. h4 Rf7 44. Qa2 Kf8 45. Qa3+ Kg8 46.
Rxf3 Rxf3 47. Qxf3 Qb2+ 48. Kh3 Qb4 49. Qc6 Qe1 50. h5 Qf1+ 51. Kh4 Qe2 52.
Qc8+ Kf7 53. Qd7+ Kf6 54. Qd6+ Kf7 55. Qf4+ Ke8 56. h6 Qh2+ 57. Kg5 Qc2 58.
Qe5+ Kd8 59. h7 Qd2+ 60. Kg6 Qd3+ 61. Kg7 Qd7+ 62. Kf6 Qc6+ 63. Kg7 Qd7+ 64.
Kf8 1-0

[Event "Southend Easter op 64th"]
[Site "Southend-on-Sea"]
[Date "2022.04.15"]
[Round "1.10"]
[White "Lim, Mark"]
[Black "Burnett, Andrew"]
[Result "0-1"]
[WhiteElo "1796"]
[BlackElo "2163"]
[PlyCount "64"]
[EventDate "2022.04.15"]
[EventType "swiss"]
[EventRounds "7"]
[EventCountry "ENG"]

1. d4 Nf6 2. Nf3 g6 3. c4 Bg7 4. Nc3 d6 5. e4 Bg4 6. Be2 O-O 7. Be3 Nfd7 8. Ng1
Bxe2 9. Ngxe2 e5 10. O-O exd4 11. Nxd4 Re8 12. Qd2 Ne5 13. b3 Nbd7 14. Rac1 Nc5
15. f3 a5 16. a3 a4 17. b4 Nxc4 18. Qe2 Nxe3 19. Qxe3 Nb3 20. Nxb3 axb3 21. Nb1
b2 22. Rc2 Qe7 23. Qb3 c5 24. Nc3 Qe6 25. Qxb2 cxb4 26. Qxb4 Rec8 27. Rfc1 Rc4
28. Qxb7 Rac8 29. Qb3 Qe5 30. Nd5 Qd4+ 31. Kf1 Rxc2 32. Rxc2 Qd1+ 0-1

[Event "Southend Easter op 64th"]
[Site "Southend-on-Sea"]
[Date "2022.04.15"]
[Round "1.11"]
[White "Spence, David J"]
[Black "Barton, Tom A"]
[Result "1-0"]
[WhiteElo "2146"]
[BlackElo "1779"]
[PlyCount "91"]
[EventDate "2022.04.15"]
[EventType "swiss"]
[EventRounds "7"]
[EventCountry "ENG"]

1. e4 c5 2. c3 e6 3. d4 d5 4. e5 Nc6 5. Nf3 Bd7 6. Bd3 cxd4 7. cxd4 Nb4 8. Be2
Rc8 9. Nc3 Ne7 10. O-O Ng6 11. a3 Nc6 12. Bd3 Be7 13. Ne2 O-O 14. b4 a6 15. Bb2
Na7 16. Nc3 Nf4 17. Bc2 Nb5 18. Na4 b6 19. g3 Nh3+ 20. Kg2 Ng5 21. Qd3 g6 22.
Ne1 f5 23. h4 Nf7 24. Qd2 h5 25. Nd3 Kg7 26. Nf4 Rh8 27. Rh1 Qc7 28. Bb3 Qb7
29. Rae1 Nd8 30. Re3 Bc6 31. f3 Rb8 32. Bc2 Qd7 33. Nc3 Nxc3 34. Bxc3 Rc8 35.
Qe1 Ba4 36. Bb1 Bb5 37. Rh2 Bc6 38. Kh1 Nf7 39. g4 hxg4 40. fxg4 Rxh4 41. Rxh4
Bxh4 42. Qxh4 Rh8 43. Nh5+ gxh5 44. gxf5 exf5 45. Qf6+ Kf8 46. e6 1-0

[Event "Southend Easter op 64th"]
[Site "Southend-on-Sea"]
[Date "2022.04.15"]
[Round "1.12"]
[White "Steiners, Emils"]
[Black "Eames, Robert S"]
[Result "0-1"]
[WhiteElo "1731"]
[BlackElo "2140"]
[PlyCount "83"]
[EventDate "2022.04.15"]
[EventType "swiss"]
[EventRounds "7"]
[EventCountry "ENG"]

1. e4 e6 2. d4 d5 3. e5 c5 4. c3 Nc6 5. Nf3 Qb6 6. Bd3 cxd4 7. O-O Bd7 8. Re1
Nge7 9. h4 h6 10. a3 Rc8 11. cxd4 Nxd4 12. Nxd4 Qxd4 13. g3 Rxc1 14. Qxc1 Qxd3
15. Nc3 Bc6 16. Qf4 Ng6 17. Qg4 h5 18. Qd1 Qxd1 19. Raxd1 Be7 20. b4 a6 21. f4
Bd8 22. Kh2 Ne7 23. Ne2 Nf5 24. Nd4 Nxd4 25. Rxd4 Bb6 26. Rd2 Ke7 27. Rf1 g6
28. Rfd1 Rd8 29. Kg2 d4+ 30. Kf1 Bf3 31. Rc1 d3 32. Rc3 Be2+ 33. Ke1 Bd4 34.
Rb3 Rc8 35. Rxe2 dxe2 36. Kxe2 f6 37. Kd3 fxe5 38. fxe5 Bxe5 39. Ke4 Rc3 40.
Rxc3 Bxc3 41. Kd3 Be5 42. Ke4 0-1

[Event "Southend Easter op 64th"]
[Site "Southend-on-Sea"]
[Date "2022.04.15"]
[Round "1.13"]
[White "Schwartz, Julius"]
[Black "Mehrafarin, Amirabbas"]
[Result "1-0"]
[WhiteElo "2118"]
[BlackElo "1716"]
[PlyCount "57"]
[EventDate "2022.04.15"]
[EventType "swiss"]
[EventRounds "7"]
[EventCountry "ENG"]

1. e4 c6 2. d4 d5 3. e5 Bf5 4. h4 h5 5. Bd3 Bxd3 6. Qxd3 e6 7. Bg5 Qb6 8. Nd2
Nd7 9. Ngf3 Ne7 10. c4 Nf5 11. cxd5 cxd5 12. O-O Bb4 13. Rfc1 O-O 14. Nf1 Rac8
15. Ne3 g6 16. Nxf5 exf5 17. a3 f6 18. Bh6 Be7 19. Bxf8 Rxc1+ 20. Rxc1 Bxf8 21.
b4 a5 22. Qb3 Qe6 23. bxa5 fxe5 24. Qxb7 exd4 25. Ng5 Qe7 26. Qxd5+ Kh8 27.
Qxd4+ Nf6 28. Kf1 Kg7 29. Rc7 1-0

[Event "Southend Easter op 64th"]
[Site "Southend-on-Sea"]
[Date "2022.04.15"]
[Round "1.14"]
[White "Badacsonyi, Frankie"]
[Black "Sedykh, Mikhail"]
[Result "0-1"]
[WhiteElo "1710"]
[BlackElo "2117"]
[PlyCount "62"]
[EventDate "2022.04.15"]
[EventType "swiss"]
[EventRounds "7"]
[EventCountry "ENG"]

1. Nf3 d5 2. g3 Nf6 3. Bg2 e6 4. O-O Be7 5. b3 O-O 6. Bb2 b6 7. c4 Bb7 8. Ne5
Nbd7 9. d4 c5 10. Nxd7 Qxd7 11. dxc5 bxc5 12. cxd5 exd5 13. Nc3 Rfd8 14. Qc2
Rac8 15. Rfd1 Qe6 16. Rac1 Bc6 17. Qd3 d4 18. Nb5 Bxg2 19. Kxg2 Rd5 20. h4 Re5
21. e3 Ng4 22. exd4 Re2 23. Rd2 Qc6+ 24. d5 Rxd2 25. Qxd2 Qxb5 26. Re1 Qd7 27.
Qe2 Bf6 28. Bc1 Qxd5+ 29. Kh3 Ne5 30. Bb2 Qd7+ 31. Kg2 Nd3 0-1

[Event "Southend Easter op 64th"]
[Site "Southend-on-Sea"]
[Date "2022.04.15"]
[Round "1.15"]
[White "Willmoth, Robert F"]
[Black "Hobson, Kenneth"]
[Result "1-0"]
[WhiteElo "2106"]
[BlackElo "1674"]
[PlyCount "104"]
[EventDate "2022.04.15"]
[EventType "swiss"]
[EventRounds "7"]
[EventCountry "ENG"]

1. d4 Nf6 2. Nf3 e6 3. b3 Be7 4. Bb2 O-O 5. Nbd2 d5 6. e3 b6 7. Bd3 Ba6 8. Bxa6
Nxa6 9. O-O Rc8 10. Qe2 Nb8 11. Rfd1 c5 12. c4 Nc6 13. Rac1 Qc7 14. dxc5 bxc5
15. Bxf6 gxf6 16. cxd5 exd5 17. Nf1 Rfd8 18. Ng3 Kh8 19. Nf5 Ne5 20. N3h4 Ng6
21. Qf3 Ne5 22. Qh5 Rg8 23. f4 Ng6 24. Rxd5 Rcd8 25. Qf3 Nxh4 26. Nxh4 Rxd5 27.
Qxd5 Rd8 28. Qxf7 Rf8 29. Qe6 c4 30. Qxc4 Qd7 31. Qc2 f5 32. Nf3 Bf6 33. Qc7
Qd3 34. Qxa7 Re8 35. Ne5 Qd2 36. Rf1 Rc8 37. Nc4 Qe2 38. g3 Rg8 39. Qf7 Bh4 40.
Qxf5 h6 41. Rf2 Qd1+ 42. Kg2 Rg7 43. Ne5 Qd5+ 44. e4 Qg8 45. Rf3 Bd8 46. Qh5
Kh7 47. f5 Bc7 48. f6 Rg5 49. Qf7+ Kh8 50. Qxc7 h5 51. Nf7+ Qxf7 52. Qxf7 h4
1-0

[Event "Southend Easter op 64th"]
[Site "Southend-on-Sea"]
[Date "2022.04.15"]
[Round "1.16"]
[White "Sedykh, Stakhey"]
[Black "Varnam, Liam D"]
[Result "1/2-1/2"]
[WhiteElo "1604"]
[BlackElo "2087"]
[PlyCount "33"]
[EventDate "2022.04.15"]
[EventType "swiss"]
[EventRounds "7"]
[EventCountry "ENG"]

1. e4 c5 2. Nc3 Nc6 3. g3 g6 4. Bg2 Bg7 5. d3 e5 6. f4 d6 7. Nf3 Nge7 8. O-O
O-O 9. Be3 exf4 10. Bxf4 f5 11. Rb1 a6 12. Qd2 d5 13. exd5 Nxd5 14. Nxd5 Qxd5
15. Bh6 Nd4 16. Bxg7 Kxg7 17. Rbe1 1/2-1/2

[Event "Southend Easter op 64th"]
[Site "Southend-on-Sea"]
[Date "2022.04.15"]
[Round "1.17"]
[White "Onslow, Alfie"]
[Black "Valentine, Tim"]
[Result "1-0"]
[WhiteElo "2077"]
[BlackElo "1591"]
[PlyCount "59"]
[EventDate "2022.04.15"]
[EventType "swiss"]
[EventRounds "7"]
[EventCountry "ENG"]

1. e4 c5 2. Nf3 e6 3. d4 cxd4 4. Nxd4 a6 5. Bd3 Nf6 6. O-O Qc7 7. Qe2 d6 8. f4
Nbd7 9. c4 b6 10. b4 Be7 11. Bb2 Bb7 12. Nd2 O-O 13. Rae1 Rfd8 14. e5 Ne8 15.
Qg4 Nf8 16. a3 Rac8 17. Re3 d5 18. f5 dxc4 19. fxe6 f6 20. Nxc4 b5 21. Nd6 Rxd6
22. exd6 Bxd6 23. Nf5 Ng6 24. Rh3 Nf4 25. Rxf4 Bxf4 26. Rxh7 Qb6+ 27. Bd4 Rc1+
28. Kf2 Qc7 29. Rh8+ Kxh8 30. Qh5+ 1-0

[Event "Southend Easter op 64th"]
[Site "Southend-on-Sea"]
[Date "2022.04.15"]
[Round "1.18"]
[White "Vaidya, Raghav"]
[Black "Ethelontis, Alexandros N"]
[Result "1/2-1/2"]
[WhiteElo "1561"]
[BlackElo "2077"]
[PlyCount "47"]
[EventDate "2022.04.15"]
[EventType "swiss"]
[EventRounds "7"]
[EventCountry "ENG"]

1. c4 f5 2. Nc3 Nf6 3. d4 d6 4. Nf3 g6 5. g3 Bg7 6. Bg2 O-O 7. O-O c6 8. Re1
Na6 9. b3 Qc7 10. Bb2 e5 11. dxe5 dxe5 12. e4 Nh5 13. exf5 Bxf5 14. Ne4 Rad8
15. Qe2 Bxe4 16. Qxe4 Nc5 17. Bxe5 Qf7 18. Qc2 Nd3 19. Re2 Nxe5 20. Nxe5 Qf5
21. Qxf5 Rxf5 22. Rae1 Rff8 23. Nf3 Bc3 24. Rc1 1/2-1/2

[Event "Southend Easter op 64th"]
[Site "Southend-on-Sea"]
[Date "2022.04.15"]
[Round "1.19"]
[White "Dougherty, Michael"]
[Black "Pert, Max"]
[Result "1/2-1/2"]
[WhiteElo "2066"]
[BlackElo "1556"]
[PlyCount "109"]
[EventDate "2022.04.15"]
[EventType "swiss"]
[EventRounds "7"]
[EventCountry "ENG"]

1. d4 d5 2. Nf3 Nf6 3. e3 a6 4. Bd3 Bg4 5. h3 Bh5 6. Nbd2 e6 7. O-O c5 8. b3
Nc6 9. Bb2 cxd4 10. exd4 Bd6 11. c4 O-O 12. g4 Bg6 13. Bxg6 hxg6 14. Ne5 Bxe5
15. dxe5 Nh7 16. Kg2 Re8 17. Qe2 Nf8 18. Rad1 Qa5 19. a3 Rad8 20. b4 Qc7 21. c5
g5 22. Qe3 Ng6 23. Qxg5 Ncxe5 24. Bxe5 Qxe5 25. Qxe5 Nxe5 26. f4 Nc6 27. Nf3 f6
28. Nh4 Kf7 29. g5 d4 30. Rd2 Rd5 31. Nf3 Red8 32. h4 Ne7 33. Re1 Nf5 34. Re4
d3 35. Kf2 Rh8 36. Re1 Nxh4 37. Re3 Nxf3 38. Rxf3 Rh2+ 39. Ke3 Rxd2 40. Kxd2
fxg5 41. fxg5+ Kg6 42. Rxd3 Rxd3+ 43. Kxd3 Kxg5 44. a4 Kf5 45. b5 axb5 46. axb5
Ke5 47. Kc4 b6 48. cxb6 Kd6 49. Kd4 e5+ 50. Ke4 g6 51. Ke3 Kd7 52. Kf3 Kd6 53.
Kg4 Kd7 54. Kg5 Kd6 55. Kg4 1/2-1/2

[Event "Southend Easter op 64th"]
[Site "Southend-on-Sea"]
[Date "2022.04.15"]
[Round "1.20"]
[White "Pert, Nina"]
[Black "Potter, John M"]
[Result "1-0"]
[WhiteElo "1535"]
[BlackElo "2055"]
[PlyCount "79"]
[EventDate "2022.04.15"]
[EventType "swiss"]
[EventRounds "7"]
[EventCountry "ENG"]

1. e4 e6 2. d4 d5 3. Nd2 Nf6 4. e5 Nfd7 5. Bd3 c5 6. c3 Nc6 7. Ngf3 g5 8. dxc5
g4 9. Nd4 Ndxe5 10. N2b3 Nxd3+ 11. Qxd3 e5 12. Nxc6 bxc6 13. O-O Bg7 14. f3 a5
15. Qe3 a4 16. Nd4 O-O 17. Nxc6 Qc7 18. Nb4 Be6 19. fxg4 d4 20. cxd4 exd4 21.
Qg5 Ra5 22. Nd3 Bc4 23. Bf4 Qa7 24. Bd6 Re8 25. Rfe1 Be6 26. Be5 f6 27. Bxf6 h6
28. Qxg7+ Qxg7 29. Bxg7 Kxg7 30. Nf4 Bd7 31. Rxe8 Bxe8 32. Rc1 Kf6 33. Re1 Bf7
34. Rc1 Ke5 35. g3 Bxa2 36. c6 Ra8 37. c7 Rc8 38. Kf2 Bd5 39. Rc5 Ke4 40. Nxd5
1-0

[Event "Southend Easter op 64th"]
[Site "Southend-on-Sea"]
[Date "2022.04.15"]
[Round "1.21"]
[White "Young, Craig A"]
[Black "Rebonato Scott, Sebastiano"]
[Result "1-0"]
[WhiteElo "2049"]
[BlackElo "1518"]
[PlyCount "119"]
[EventDate "2022.04.15"]
[EventType "swiss"]
[EventRounds "7"]
[EventCountry "ENG"]

1. d4 Nf6 2. Nf3 e6 3. c4 d5 4. Nc3 Bb4 5. Qa4+ Nc6 6. e3 O-O 7. Qc2 Qe7 8. Bd3
dxc4 9. Bxc4 b6 10. O-O Na5 11. Bd3 c5 12. Ne4 h6 13. a3 c4 14. Nxf6+ Qxf6 15.
Be4 Bd6 16. Bxa8 Qe7 17. Nd2 Ba6 18. Bf3 c3 19. bxc3 Bxf1 20. Nxf1 Rc8 21. Nd2
Qc7 22. g3 Qxc3 23. Qxc3 Rxc3 24. Ne4 Rc6 25. Nxd6 Rxd6 26. Bd2 Nc4 27. Bb4 Rd8
28. Rc1 Nd6 29. Rc6 Ne8 30. a4 Rb8 31. e4 Kh7 32. d5 exd5 33. exd5 a5 34. Bc3
b5 35. axb5 Rxb5 36. d6 Nxd6 37. Rxd6 Rb3 38. Be4+ g6 39. Bxa5 h5 40. h4 Kg7
41. Bb6 f5 42. Bd4+ Kh6 43. Be3+ Kg7 44. Bc2 Ra3 45. Kg2 Ra5 46. Bb3 Kh8 47.
Rxg6 f4 48. Bxf4 Kh7 49. Rh6+ Kg7 50. Bd1 Rd5 51. Bf3 Ra5 52. Rxh5 Ra7 53. Rc5
Ra2 54. h5 Kh8 55. g4 Ra3 56. g5 Kg7 57. Rc7+ Kg8 58. Bd5+ Kf8 59. Bd6+ Ke8 60.
Bxa3 1-0

[Event "Southend Easter op 64th"]
[Site "Southend-on-Sea"]
[Date "2022.04.15"]
[Round "1.22"]
[White "Badacsonyi, Stanley"]
[Black "Hebbes, Tim"]
[Result "0-1"]
[WhiteElo "1476"]
[BlackElo "2049"]
[PlyCount "84"]
[EventDate "2022.04.15"]
[EventType "swiss"]
[EventRounds "7"]
[EventCountry "ENG"]

1. d4 d5 2. Nc3 Nf6 3. Bf4 e6 4. e3 a6 5. Bd3 c5 6. dxc5 Bxc5 7. Nf3 Nc6 8. O-O
Qe7 9. e4 d4 10. e5 dxc3 11. exf6 gxf6 12. bxc3 e5 13. Bg3 Bg4 14. Be4 h5 15.
h3 h4 16. Bh2 Bd7 17. Qe2 Kf8 18. Rab1 b5 19. Rfd1 Rc8 20. a4 Na5 21. axb5 axb5
22. Rxb5 Bxb5 23. Qxb5 Nc4 24. Qa6 Rc7 25. Nd4 Nd6 26. Nf5 Nxf5 27. Bxf5 Rh5
28. Bg4 Rg5 29. Kh1 Kg7 30. f4 Rg6 31. fxe5 f5 32. e6 Rxe6 33. Qf1 fxg4 34.
Bxc7 Qxc7 35. Qf5 gxh3 36. Qxh3 Qg3 37. Qf5 Re2 38. Qf1 Rxc2 39. Rd7 Rf2 40.
Qg1 h3 41. gxh3 Qxg1+ 42. Kxg1 Rd2+ 0-1

[Event "Southend Easter op 64th"]
[Site "Southend-on-Sea"]
[Date "2022.04.15"]
[Round "1.23"]
[White "Myall, Ivan J"]
[Black "Latypova, Olga L"]
[Result "1-0"]
[WhiteElo "2028"]
[BlackElo "1451"]
[PlyCount "47"]
[EventDate "2022.04.15"]
[EventType "swiss"]
[EventRounds "7"]
[EventCountry "ENG"]

1. e4 c5 2. Nf3 e6 3. c3 d5 4. e5 Nc6 5. d4 Qb6 6. a3 Nge7 7. b4 cxd4 8. cxd4
Nf5 9. Bb2 Bd7 10. Be2 Be7 11. O-O O-O 12. Bd3 g6 13. Bxf5 exf5 14. Nc3 Be6 15.
Na4 Qb5 16. Rc1 Rac8 17. Rc5 Bxc5 18. Nxc5 Nd8 19. Qd2 Rxc5 20. dxc5 Qd7 21.
Qh6 f6 22. exf6 Nc6 23. Re1 d4 24. Rxe6 1-0

[Event "Southend Easter op 64th"]
[Site "Southend-on-Sea"]
[Date "2022.04.15"]
[Round "1.24"]
[White "Bryant, Harry"]
[Black "Ledger, Stephen C"]
[Result "0-1"]
[WhiteElo "1425"]
[BlackElo "2010"]
[PlyCount "42"]
[EventDate "2022.04.15"]
[EventType "swiss"]
[EventRounds "7"]
[EventCountry "ENG"]

1. e4 c5 2. Nf3 Nc6 3. d4 cxd4 4. Nxd4 e5 5. Nf3 Nf6 6. Nc3 Bb4 7. Bd2 Bxc3 8.
Bxc3 Nxe4 9. Bxe5 Nxe5 10. Nxe5 Qa5+ 11. c3 Qxe5 12. Qe2 d6 13. O-O-O O-O 14.
f3 Nf6 15. Qf2 Bf5 16. f4 Qa5 17. a3 Rac8 18. Qe3 Rfe8 19. Qd2 Ne4 20. Qd4 Nxc3
21. bxc3 Qxa3+ 0-1

[Event "Southend Easter op 64th"]
[Site "Southend-on-Sea"]
[Date "2022.04.15"]
[Round "1.25"]
[White "Bird, Joel"]
[Black "Oh, Julie"]
[Result "1/2-1/2"]
[WhiteElo "2009"]
[BlackElo "1399"]
[PlyCount "54"]
[EventDate "2022.04.15"]
[EventType "swiss"]
[EventRounds "7"]
[EventCountry "ENG"]

1. e4 c5 2. Nf3 e6 3. d4 cxd4 4. Nxd4 Nc6 5. Nc3 a6 6. Be3 Qc7 7. Nxc6 dxc6 8.
Be2 Nf6 9. O-O Be7 10. f4 Bd7 11. Qe1 h5 12. Kh1 c5 13. Bf3 Bc6 14. Qe2 O-O-O
15. g4 Nxg4 16. Bxg4 hxg4 17. Qxg4 Rh4 18. Qe2 Rdh8 19. h3 f5 20. Qc4 R8h6 21.
Kg1 g5 22. fxg5 Rg6 23. Bf2 Rh7 24. Be3 Rxh3 25. Bf4 Bd6 26. exf5 Bxf4 27. Qxf4
Rg3+ 1/2-1/2

[Event "Southend Easter op 64th"]
[Site "Southend-on-Sea"]
[Date "2022.04.15"]
[Round "1.26"]
[White "Ball, Katie C"]
[Black "Baer, Bruce L"]
[Result "0-1"]
[WhiteElo "1307"]
[BlackElo "1992"]
[PlyCount "42"]
[EventDate "2022.04.15"]
[EventType "swiss"]
[EventRounds "7"]
[EventCountry "ENG"]

1. d4 g6 2. Nc3 Bg7 3. Bf4 d6 4. e4 a6 5. Qd2 b5 6. O-O-O Nc6 7. Qe3 Nxd4 8. e5
Ne6 9. Bg3 Bb7 10. Ne4 Nh6 11. exd6 Nf5 12. Qf3 exd6 13. Qd3 O-O 14. Nf3 Bxe4
15. Qxe4 Qf6 16. Qb4 a5 17. Qb3 Nc5 18. Qc3 Qe6 19. Qd2 Qxa2 20. Qe2 Qxb2+ 21.
Kd2 Bc3# 0-1